000 005780000a22001810004500
001 768714001
003 CO-MdFUSB
005 20161118123439.0
008 161118s1995 cr ||||| |||| 00| 0 spa d
022 _a1019-6366
040 _aCO-MdFUSB
_bspa
_cCO-MdFUSB
_dCO-MdFUSB
041 _aspa
100 1 _aRichard, Pablo
_eautor
245 1 0 _aHermenéutica de la liberación
300 _aVolumen 15, Número 1, (Julio, 1995), Páginas 25-31
_c24 cm.
773 0 _tVida y pensamiento
_049445
_960232
_gVolumen 15, Número 1, (Julio, 1995), Páginas 25-31
_qPágina 25
942 _cANA
999 _c53047
_d53047